| 000 | 01089cam a2200277 a 4500 | ||
|---|---|---|---|
| 005 | 20040212082416.0 | ||
| 008 | 030221s2002 ii b 001 0 eng | ||
| 010 | _aENG-95562 | ||
| 020 |
_a9788186921494 _c1100.00 |
||
| 035 | _aEN-79095 | ||
| 037 | _bDBAD/PUB | ||
| 040 | _aDPL | ||
| 082 | _a305.409545 | ||
| 100 | _aPhadke,Sindhu | ||
| 245 |
_aWomen's status in North Eastern India/ _cby Sindhu Phadke |
||
| 260 |
_aNew Delhi _bDecent Books _c2008 |
||
| 270 |
_aD-36/A-1, Mohan Garden _bNew Delhi _e110059 |
||
| 300 |
_axi, 478p. ; _c22 cm.(Hb) |
||
| 504 | _aIncludes bibliographical references | ||
| 650 |
_aWomen _zIndia, Northeastern _xSocial conditions. |
||
| 651 |
_aIndia, Northeastern _xScheduled tribes _xSocial conditions. |
||
| 710 | _aNorth-Eastern Social Research Centre (Gauhati, India) | ||
| 942 |
_2ddc _cEN _mPHA _h305.409545 |
||
| 999 |
_c32091 _d32091 |
||